Psicopatología y teoría de las relaciones objetales = Psychopathology and object relations theory /
সংরক্ষণ করুন:
| প্রধান লেখক: | |
|---|---|
| বিন্যাস: | পাঠ্য |
| ভাষা: | Spanish |
| ট্যাগগুলো: |
ট্যাগ যুক্ত করুন
কোনো ট্যাগ নেই, প্রথমজন হিসাবে ট্যাগ করুন!
|
MARC
| LEADER | 00000 a a2200000 04500 | ||
|---|---|---|---|
| 001 | 47925 | ||
| 003 | cru CIDCACS/IIS | ||
| 005 | 20190726143645.0 | ||
| 008 | 190726b ||||| |||| 00| 0 spa d | ||
| 999 | |c 26912 |d 26912 | ||
| 040 | |c cru CIDCACS/IIS | ||
| 090 | |a REV0862 (144) 2014 | ||
| 100 | |a Martínez Herrera, Manuel | ||
| 245 | |a Psicopatología y teoría de las relaciones objetales = |b Psychopathology and object relations theory / |c Manuel Martínez Herrera | ||
| 773 | |g número144, (2014), páginas 147-158 | ||
| 942 | |2 ddc |c PP | ||
| 773 | 0 | |0 18728 |9 1628 |a Universidad de Costa Rica |d San José, Costa Rica Editorial UCR 1956- |o 18152 |t Revista de Ciencias Sociales/ |x 04825276 | |
